000 00278nam a2200097Ia 4500
005 20251222114405.0
008 251222s1900||||xx |||||||||||||| ||spa||
082 _aDVD191.3/U61S/2003
245 0 _aMiércoles empresariales: taller de formulación de ideas de negocios :
942 _cDVD
999 _c1805
_d1805